000 00197 a2200097 4500
001 18580
100 _aMahmood, K
245 _aHamari zindigi
260 _a
_bAwan-e-Urdu
_c
090 _c13808
_d13808
942 _aNUST-CAE
_cM
_c4234
999 _c253653
_d253653